Statistics for Most Popular Destinations for Russian Citizens

Click here to take the quiz!

General Stats

  • This quiz has been taken 241 times
  • The average score is 15 of 20

Answer Stats

# of VisitorsCountry% Correct
1.73 milChina
95%
1.42 milSpain
95%
0.67 milFrance
94%
1.23 milUkraine
94%
0.68 milGermany
92%
0.83 milItaly
91%
3.65 milTurkey
90%
0.51 milGreece
86%
1.00 milPoland
84%
3.56 milKazakhstan
81%
2.34 milEgypt
74%
4.60 milGeorgia
72%
0.84 milAzerbaijan
67%
0.88 milThailand
67%
0.49 milBulgaria
66%
0.41 milIsrael
63%
0.43 milCzech Republic
60%
0.48 milUnited Arab Emirates
55%
0.52 milCyprus
46%
0.45 milKyrgyzstan
39%

Score Distribution

Percentile by Number Answered

Percent of People with Each Score

Your Score History

You have not taken this quiz